Dutch History A-Z - Statistics

General Stats
  • This quiz has been taken 812 times
  • The average score is 19 of 26
Answer Stats
Hint Answer % Correct
F Jew who famously hid from the Nazis in an Amsterdam attic Anne Frank
97%
A Dutch-derived language still spoken in Africa Afrikaans
96%
D Bird that went extinct shortly after the Dutch settled in Mauritius in 1638 Dodo
94%
I Country formerly known as the Dutch East Indies Indonesia
94%
N Name of New York City when it was under Dutch rule Nieuw Amsterdam
93%
Q Position once held by Wilhelmina, Juliana and Beatrix Queen
92%
B Country that declared independence from the Netherlands in 1830 Belgium
90%
R Painter of "The Night Watch" and "The Anatomy Lesson of Dr. Nicolaes Tulp" Rembrandt
83%
O Royal house that was established by William the Silent House of {Orange}-Nassau
82%
W King who was throned in 2013 after his mother's abdication {Willem}-Alexander
80%
U Most important city of the Netherlands during the Middle Ages Utrecht
76%
S Most famous painting of Vincent Van Gogh Starry Night
75%
E Country whose king was overthrown by the Netherlands during the Glorious Revolution England
73%
C The oldest surviving of this wooden footwear in Europe is found in Amsterdam Clog
72%
Z Province that had the most casualties during the North Sea flood of 1953 Zeeland
71%
T Dutch explorer who "discovered" New Zealand Abel Tasman
67%
J Dutch footballer won three Ballon d'Or awards in the early 1970s {Johan} Cruyff
67%
K The oldest airline in the world still operating under its original name since 1919 KLM
66%
H Royal family from which the Netherlands gained its independence Habsburg
65%
M Dutch city in which the treaty to create Euro was signed Maastricht
61%
Y Book of writings from that was kept by F The Diary of a {Young} {Girl}
59%
V Painter of "Girl with a Pearl Earring" and "The Milkmaid" Jan Vermeer
57%
G Currency prior to Euro Guilder
55%
P Piece of reclaimed land that were constructed in the 11th century Polder
46%
L This Dutch scientist was the first person to see single-cell organisms Antonie van {Leeuwenhoek}
44%
X German city that was destroyed during the Revolt of the Batavi in the year 70 Xanten
13%
No matching quizzes found
Score Distribution
Percent of People with Each Score
Percentile by Number Answered
Your Score History
You have not taken this quiz